|
|
|
|
| LEADER |
00000nam0a2200000 4500 |
| 001 |
355886 |
| 005 |
20231102010835.0 |
| 010 |
|
|
|b 100 экз.
|
| 035 |
|
|
|a (RuTPU)RU\TPU\retro\13146
|
| 035 |
|
|
|a RU\TPU\retro\13142
|
| 090 |
|
|
|a 355886
|
| 100 |
|
|
|a 20200713d1962 k y0rusy50 ca
|
| 101 |
0 |
|
|a rus
|
| 102 |
|
|
|a RU
|
| 105 |
|
|
|a y z 000zy
|
| 200 |
1 |
|
|a Производственная работа студентов на предприятиях Совнархоза
|e [оттиск статьи]
|f Р. Г. Исмаилов
|
| 210 |
|
|
|a Москва
|c Издательство Академии наук СССР
|d 1962
|
| 215 |
|
|
|a [1] с.
|
| 225 |
1 |
|
|a Известия высших учебных заведений. Нефть и газ
|v № 10
|
| 606 |
1 |
|
|a Учебный процесс
|x Вузы
|2 stltpush
|3 (RuTPU)RU\TPU\subj\69286
|9 84209
|
| 606 |
1 |
|
|a Производственная практика студентов
|2 stltpush
|3 (RuTPU)RU\TPU\subj\51959
|9 70458
|
| 610 |
1 |
|
|a коллекция ТПУ
|
| 610 |
1 |
|
|a оттиски
|
| 610 |
1 |
|
|a производственные обязанности
|
| 610 |
1 |
|
|a производственные нормы
|
| 610 |
1 |
|
|a профессии
|
| 610 |
1 |
|
|a освоение
|
| 610 |
1 |
|
|a Азербайджанская ССР
|
| 610 |
1 |
|
|a графики
|
| 686 |
|
|
|a Ч481.2
|2 rubbk
|
| 686 |
|
|
|a Ч481.26
|2 rubbk
|
| 700 |
|
1 |
|a Исмаилов
|b Р. Г.
|
| 801 |
|
1 |
|a RU
|b 63413507
|c 20200710
|
| 801 |
|
2 |
|a RU
|b 63413507
|c 20200713
|g RCR
|
| 942 |
|
|
|c BK
|